| 000 | 01139cam a2200409 4500 | ||
|---|---|---|---|
| 001 | ABS65705 | ||
| 008 | 020729n2002 000 0 eng u | ||
| 035 | _a(Sirsi) u119094 | ||
| 245 | _aRegional survey:Yorkshire, north/north-east Lincs | ||
| 260 | _c2002 | ||
| 490 |
_aProperty Week _v67(28) 19 July 2002, 35-46(7) |
||
| 590 | _aABS | ||
| 650 | _aYORKSHIRE | ||
| 650 | _aNORTH LINCOLNSHIRE | ||
| 650 | _aNORTHEAST LINCOLNSHIRE | ||
| 650 | _aLEEDS | ||
| 650 | _aPROPERTY-COMMERCIAL PROPERTY-OFFICE PROPERTY-OFFICE PROPERTY MARKET | ||
| 650 | _aINDUSTRIAL MARKET | ||
| 650 | _aPROPERTY-COMMERCIAL PROPERTY-RETAIL PROPERTY-RETAIL PROPERTY MARKET | ||
| 650 | _aBARNSLEY | ||
| 650 | _aBRADFORD | ||
| 650 | _aCASTLEFORD | ||
| 650 | _aDONCASTER | ||
| 650 | _aGRIMSBY | ||
| 650 | _aHALIFAX | ||
| 650 | _aHARROGATE | ||
| 650 | _aHUDDERSFIELD | ||
| 650 | _aKINGSTON UPON HULL | ||
| 650 | _aMEADOWHALL | ||
| 650 | _aSCARBOROUGH | ||
| 650 | _aSCUNTHORPE | ||
| 650 | _aSHEFFIELD | ||
| 650 | _aWAKEFIELD | ||
| 650 | _aYORK | ||
| 690 | _aPROPERTY-COMMERCIAL PROPERTY-COMMERCIAL PROPERTY MARKET | ||
| 942 | _n0 | ||
| 999 |
_c70840 _d70840 |
||